| 000 | 01003nam a2200133Ia 4500 | ||
|---|---|---|---|
| 008 | 220216s9999 xx 000 0 und d | ||
| 100 | _aLew W H | ||
| 245 | 0 | _aRubberwood- Present and potential utilization | |
| 260 |
_bProceedings of the Rubberwood Utilization Seminar, Kuala Lumpur, Malaysia, 1982; p49-54 _c1982 |
||
| 520 | _aRubberwood has traditionally been used as a source of thermal energy and is still regarded as a cheap source of firewood by the rural population. At present Rubberwood is used as a raw material for the pulp and paper industry, as cores for blockboards, and in the manufacture of furniture both for the domestic and overseas markets. A substantial quantity of the logs and sawn timber are exported for furniture making, panelling, parquet flooring, novelty and household items. Rubberwood can also be used for the manufacture of particleboards, fibre boards, glue-laminated products, parquetry and strip-flooring. | ||
| 650 | _aRubberwood | ||
| 700 | _aSim H C | ||
| 942 | _cBO | ||
| 999 |
_c48070 _d48070 |
||